|
|
|
|
| LEADER |
01813nam a2200469 4500 |
| 001 |
ocn957590203 |
| 003 |
OCoLC |
| 005 |
20180501122032.0 |
| 006 |
m o d |
| 007 |
cr cnu|||unuuu |
| 008 |
160901s2016 xx o 001 0 eng d |
| 040 |
|
|
|a N$T
|b eng
|e rda
|e pn
|c N$T
|d IDEBK
|d OPELS
|d N$T
|d EBLCP
|d EBLB
|d YDX
|d OCLCF
|d UPM
|d OTZ
|d OCLCO
|d OCLCQ
|d GZM
|d UAB
|d OCLCO
|d D6H
|d GrThAP
|
| 019 |
|
|
|a 957683732
|
| 020 |
|
|
|a 9780128092538
|q (electronic bk.)
|
| 020 |
|
|
|a 012809253X
|q (electronic bk.)
|
| 020 |
|
|
|a 9780128053867
|
| 020 |
|
|
|a 0128053860
|
| 035 |
|
|
|a (OCoLC)957590203
|z (OCoLC)957683732
|
| 050 |
|
4 |
|a QP535.N2
|
| 060 |
|
4 |
|a QU 55.7
|
| 072 |
|
7 |
|a SCI
|x 056000
|2 bisacsh
|
| 082 |
0 |
4 |
|a 571.6/4
|2 23
|
| 049 |
|
|
|a TEFA
|
| 245 |
0 |
0 |
|a Na channels from phyla to function /
|c edited by Robert J. French and Sergei Yu. Noskov.
|
| 264 |
|
1 |
|a [Place of publication not identified] :
|b Academic Press,
|c 2016.
|
| 300 |
|
|
|a 1 online resource.
|
| 336 |
|
|
|a text
|b txt
|2 rdacontent
|
| 337 |
|
|
|a computer
|b c
|2 rdamedia
|
| 338 |
|
|
|a online resource
|b cr
|2 rdacarrier
|
| 490 |
1 |
|
|a Current topics in membranes ;
|v v. 78
|
| 500 |
|
|
|a Includes index.
|
| 588 |
0 |
|
|a Online resource; title from PDF title page (ScienceDirect, viewed September 12, 2016).
|
| 650 |
|
0 |
|a Sodium channels.
|
| 650 |
|
7 |
|a SCIENCE / Life Sciences / Anatomy & Physiology
|2 bisacsh
|
| 650 |
|
7 |
|a Sodium channels.
|2 fast
|0 (OCoLC)fst01124048
|
| 650 |
|
2 |
|a Sodium Channels.
|
| 655 |
|
4 |
|a Electronic books.
|
| 700 |
1 |
|
|a Noskov, Sergei,
|e editor.
|
| 700 |
1 |
|
|a French, Robert J.
|c (Of the University of Calgary),
|e editor.
|
| 776 |
0 |
8 |
|c Original
|z 9780128053867
|z 0128053860
|w (OCoLC)950450225
|
| 830 |
|
0 |
|a Current topics in membranes ;
|v v. 78.
|
| 856 |
4 |
0 |
|u https://www.sciencedirect.com/science/bookseries/10635823/78
|z Full Text via HEAL-Link
|